| 000 | 01400cam a22003977a 4500 | ||
|---|---|---|---|
| 003 | CHAP | ||
| 005 | 20220817041003.0 | ||
| 008 | 971013s1990 r 00010 d | ||
| 010 | _a4010 | ||
| 011 | _a4982 | ||
| 035 | _a4187 | ||
| 040 | _cCHAP | ||
| 082 |
_a338.10545 _bB4 |
||
| 100 | 0 | 0 |
_aBhalla, G. S. _912147 |
| 245 | 0 |
_aAgricultural growth and structural changes in the Punjab economy _b: an input-output analysis |
|
| 260 |
_aWashington, D. C. : _bInternational Food Policy Research Institute, _c1990 |
||
| 300 | _a119 p | ||
| 410 | _aInternational Food Policy Research Institute | ||
| 490 | 0 |
_aResearch report _v; 82 |
|
| 500 | _aD52-89 | ||
| 590 |
_aBATCH-UPD _b10 _c20130109 _lUCH01 _h2340 |
||
| 590 |
_aBATCH-UPD _b10 _c20130110 _lUCH01 _h0204 |
||
| 590 |
_aBATCH-UPD _b10 _c20130110 _lUCH01 _h2139 |
||
| 590 |
_aBATCH-UPD _b10 _c20130409 _lUCH01 _h1908 |
||
| 590 |
_aBATCH-UPD _b10 _c20130410 _lUCH01 _h1447 |
||
| 590 |
_aBATCH-UPD _b10 _c20130913 _lUCH01 _h2054 |
||
| 590 |
_aCONVERSION _b10 _c20130109 _lUCH01 _h1303 |
||
| 650 | 1 | 4 |
_aAgricultura _xAspectos economicos _xIndia. _91257 |
| 650 | 1 | 4 |
_aAgricultura _xIndia. |
| 650 | 1 | 4 |
_aIndia _xCondiciones económicas. _957542 |
| 810 | _aInternational Food Policy Research Institute | ||
| 830 | 0 |
_aResearch report _v; 82 _996080 |
|
| 901 | _aBK | ||
| 942 | _cLIBRO | ||
| 949 |
_a338.10545 B4 _bBC _cLIBRO _d33724000358503 _eLIBRO _h79979 _i4187 _mD _si |
||
| 999 |
_c4010 _d4010 |
||